An Arab common market : (Record no. 18649)
[ view plain ]
| 000 -LEADER | |
|---|---|
| fixed length control field | 00822nam a22002177a 4500 |
| 005 - DATE AND TIME OF LATEST TRANSACTION | |
| control field | 20141119114943.0 |
| 008 - FIXED-LENGTH DATA ELEMENTS--GENERAL INFORMATION | |
| fixed length control field | 141119s1969 xxua frb 000 0 eng d |
| 040 ## - CATALOGING SOURCE | |
| Original cataloging agency | EG-ScBUE |
| 082 00 - DEWEY DECIMAL CLASSIFICATION NUMBER | |
| Edition number | 22 |
| Classification number | 337.1174927 |
| Item number | MUS |
| 100 1# - MAIN ENTRY--PERSONAL NAME | |
| Personal name | Musrey, Alfred G. |
| 9 (RLIN) | 36607 |
| 245 13 - TITLE STATEMENT | |
| Title | An Arab common market : |
| Remainder of title | a study in inter-Arab trade relations, 1920-67 / |
| Statement of responsibility, etc | Alfred G. Musrey. |
| 260 ## - PUBLICATION, DISTRIBUTION, ETC. (IMPRINT) | |
| Place of publication, distribution, etc | New York, United States ; |
| -- | London : |
| Name of publisher, distributor, etc | Frederick A. Praeger, |
| Date of publication, distribution, etc | 1969. |
| 300 ## - PHYSICAL DESCRIPTION | |
| Extent | xiii, 274 p. : |
| Other physical details | tables ; |
| Dimensions | 24 cm. |
| 490 0# - Series Statement | |
| Series statement | Praeger special studies in international economics and development |
| 504 ## - BIBLIOGRAPHY, ETC. NOTE | |
| Bibliography, etc | Bibliography : p. 265-274. |
| 651 #0 - SUBJECT ADDED ENTRY--GEOGRAPHIC NAME | |
| Geographic name | Arab countries |
| General subdivision | Economic integration |
| 9 (RLIN) | 36608 |
| 651 #0 - SUBJECT ADDED ENTRY--GEOGRAPHIC NAME | |
| Geographic name | Arab countries |
| General subdivision | Commerce |
| 9 (RLIN) | 36421 |
| 653 ## - INDEX TERM--UNCONTROLLED | |
| Resource For college | Generalities |
| Arrived date list | November2014 |
| 655 ## - INDEX TERM--GENRE/FORM | |
| Form subdivision | |
| -- | 34232 |
| 942 ## - ADDED ENTRY ELEMENTS (KOHA) | |
| Source of classification or shelving scheme | Dewey Decimal Classification |
| Call number prefix | 337.1174927 MUS |
| Withdrawn status | Item status | Source of classification or shelving scheme | Damaged status | Not for loan | Vendor | Home library | Current library | Shelving location | Date acquired | Source of acquisition | Cost, normal purchase price | Total Checkouts | Full call number | Barcode | Date last seen | Cost, replacement price | Koha item type |
|---|---|---|---|---|---|---|---|---|---|---|---|---|---|---|---|---|---|
| Dewey Decimal Classification | سور الازبكية | Central Library | Central Library | First floor | 19/11/2014 | 25.00 | 337.1174927 MUS | 000037032 | 15/07/2025 | 31.25 | NB - Book (Non borrowing) |